[Event "15. Sparkassen Open 2016 - Gruppe B"]
[Site "Forchheim"]
[Date "2016.10.03"]
[Round "5.50"]
[White "Knoll, Ernst"]
[Black "Kirchner, Markus"]
[Result "1/2-1/2"]
[WhiteElo "1607"]
[BlackElo "1704"]
[PlyCount "89"]
[EventDate "2016.??.??"]
[WhiteTeam "Schachtreff Röttenbach"]
[BlackTeam "SF Schöneck"]

1. c4 Nf6 2. Nc3 d6 3. d4 Nbd7 4. g3 g6 5. Bg2 Bg7 6. e3 O-O 7. Nge2 e5 8. O-O
c6 9. Qc2 Qc7 10. b3 a5 11. Ba3 Re8 12. Rac1 Bf8 13. Rfd1 Rb8 14. Rd2 Be7 15.
Rcd1 b5 16. cxb5 cxb5 17. Bb2 b4 18. Nd5 Nxd5 19. Bxd5 Qxc2 20. Rxc2 Ba6 21.
Rdc1 Bd3 22. Rd2 e4 23. Nf4 Nf6 24. Bc6 Red8 25. Nxd3 exd3 26. Bf3 Rbc8 27.
Rdd1 Rc2 28. Rxc2 dxc2 29. Rc1 Rc8 30. Kf1 d5 31. Ke2 Kf8 32. Kd2 Ke8 33. Rxc2
Rxc2+ 34. Kxc2 Kd7 35. Kd3 Ke6 36. h3 Bd8 37. e4 dxe4+ 38. Bxe4 Nxe4 39. Kxe4
f5+ 40. Kf4 Kd5 41. g4 fxg4 42. Kxg4 Bf6 43. f4 h5+ 44. Kf3 Bxd4 45. Bc1
1/2-1/2